名前に「〇〇」がつくポケモン - Statistics

General Stats
  • This quiz has been taken 32 times
  • The average score is 12 of 30
Answer Stats
Hint Answer % Correct
ウコン キュウコン
93%
イヌ イイネイヌ
83%
アーム エアームド
80%
ドール ネンドール
70%
ラップ ペラップ
67%
ワライ フワライド
67%
トライ ストライク
63%
レザー エレザード
63%
マズ ナマズン
60%
イヤー ファイヤー
60%
ガイド ズガイドス
60%
ボツ ツボツボ
50%
トム ロトム
47%
ラード グラードン
47%
シタ マクノシタ
40%
ズレ ロズレイド
40%
スキ マスキッパ
33%
イチ ライチュウ
30%
シリ ハギギシリ
23%
ツル カミツルギ
20%
イズ ソウブレイズ
13%
イボ ライボルト
13%
ゲタ タマゲタケ
13%
カン スカンプー
10%
ノラ ウオノラゴン
10%
ブキ メブキジカ
10%
ニク ニャオニクス
7%
ニシ オニシズクモ
7%
ネル ウネルミナモ
7%
ミト ウミトリオ
3%
No matching quizzes found
Score Distribution
Percent of People with Each Score
Percentile by Number Answered
Your Score History
You have not taken this quiz